[Event "SVK-chT2A 2223"]
[Site "Slovakia"]
[Date "2023.02.11"]
[Round "8.2"]
[White "Balogh, Peter"]
[Black "Gasa, Patrik"]
[Result "1-0"]
[WhiteElo "2264"]
[BlackElo "2139"]
[PlyCount "101"]
[EventDate "2022.10.08"]
[EventType "team-tourn"]
[EventRounds "11"]
[EventCountry "SVK"]
[SourceTitle "EXT 2024"]
[Source "ChessBase"]
[SourceDate "2023.10.10"]
[SourceVersion "1"]
[SourceVersionDate "2023.10.10"]
[SourceQuality "1"]
[WhiteTeam "Senec"]
[BlackTeam "Piestany Kupele"]
[WhiteTeamCountry "SVK"]
[BlackTeamCountry "SVK"]

1. d4 f5 2. g3 Nf6 3. Bg2 d5 4. Nf3 e6 5. 0-0 Bd6 6. c4 c6 7. b3 0-0 8. Ba3 Bxa3 9. Nxa3 Nbd7 10. Nc2 Ne4 11. Nce1 Qf6 12. Nd3 g5 13. Nfe5 Nd6 14. e3 g4 15. f3 gxf3 16. Qxf3 Nf7 17. Nxf7 Qxf7 18. Qf4 Nf6 19. Ne5 Qg7 20. Qh4 a5 21. a3 Nd7 22. Nd3 Qf6 23. Qf4 a4 24. cxd5 exd5 25. b4 Qg7 26. b5 Qe7 27. Nb4 Nb8 28. bxc6 Nxc6 29. Nxd5 Qg7 30. Nb6 Ra5 31. d5 Ne5 32. Nxc8 Rxc8 33. Qxf5 Re8 34. Rac1 Raa8 35. d6 Rad8 36. Rc7 Qh6 37. Bd5+ Kh8 38. Qf6+ Qxf6 39. Rxf6 b6 40. Rb7 Rd7 41. Rxb6 Rc8 42. Be6 Rc1+ 43. Rf1 Rxf1+ 44. Kxf1 Rd8 45. Rb5 Nc6 46. d7 Nb8 47. Ke2 Kg7 48. Rc5 Kf6 49. Rc8 Ke7 50. Bf5 Na6 51. Kd3 1-0

[Event "SVK-chT1W 2223"]
[Site "Slovakia"]
[Date "2022.10.15"]
[Round "1.7"]
[White "Balogh, Peter"]
[Black "Belak, Stefan"]
[Result "1/2-1/2"]
[WhiteElo "2077"]
[BlackElo "1865"]
[PlyCount "46"]
[EventDate "2022.10.15"]
[EventType "team-tourn"]
[EventRounds "11"]
[EventCountry "SVK"]
[SourceTitle "EXT 2024"]
[Source "ChessBase"]
[SourceDate "2023.10.10"]
[SourceVersion "1"]
[SourceVersionDate "2023.10.10"]
[SourceQuality "1"]
[WhiteTeam "Gabcikovo MSK"]
[BlackTeam "Povazska Bystrica"]
[WhiteTeamCountry "SVK"]
[BlackTeamCountry "SVK"]

1. e4 e6 2. d4 d5 3. Nc3 h6 4. Be3 Nf6 5. e5 Nfd7 6. f4 c5 7. Nf3 Nc6 8. Qd2 a6 9. Be2 cxd4 10. Nxd4 Nxd4 11. Bxd4 Nb8 12. Bf3 Nc6 13. f5 Bb4 14. fxe6 Bxe6 15. a3 Ba5 16. 0-0-0 0-0 17. Qe3 Nxd4 18. Qxd4 Qg5+ 19. Kb1 Bxc3 20. Qxc3 Rac8 21. Qd2 Qxe5 22. c3 Rfd8 23. g4 Qg5 1/2-1/2

[Event "SVK-ch rapid"]
[Site "Topolcany"]
[Date "2020.07.11"]
[Round "6"]
[White "Balogh, Peter"]
[Black "Balazs, Ladislav"]
[Result "0-1"]
[WhiteElo "2170"]
[BlackElo "2058"]
[PlyCount "66"]
[EventDate "2020.07.11"]
[EventType "swiss (rapid)"]
[EventRounds "9"]
[EventCountry "SVK"]
[SourceTitle "CBM 197 Extra"]
[Source "ChessBase"]
[SourceDate "2020.09.30"]
[SourceVersion "1"]
[SourceVersionDate "2020.09.30"]
[SourceQuality "1"]

1. e4 c5 2. Nf3 Nc6 3. d4 cxd4 4. Nxd4 g6 5. Nc3 Bg7 6. Be3 Nf6 7. Nxc6 bxc6 8. e5 Ng8 9. Bd4 Qa5 10. e6 Nf6 11. exf7+ Kxf7 12. Bc4+ d5 13. Bb3 Re8 14. 0-0 e5 15. Be3 Be6 16. f4 e4 17. Na4 Nd7 18. Bd4 Bf6 19. c3 c5 20. Bxf6 Nxf6 21. Qe1 Bd7 22. c4 Qxe1 23. Raxe1 Bxa4 24. Bxa4 d4 25. Bxe8+ Rxe8 26. f5 g5 27. h4 h6 28. hxg5 hxg5 29. b4 cxb4 30. Rd1 d3 31. Rfe1 Rc8 32. Kf2 Rxc4 33. Rc1 Ng4+ 0-1

[Event "SVK-ch rapid"]
[Site "Topolcany"]
[Date "2020.07.11"]
[Round "3"]
[White "Gyerpal, Adrian"]
[Black "Balogh, Peter"]
[Result "0-1"]
[WhiteElo "1907"]
[BlackElo "2170"]
[PlyCount "74"]
[EventDate "2020.07.11"]
[EventType "swiss (rapid)"]
[EventRounds "9"]
[EventCountry "SVK"]
[SourceTitle "CBM 197 Extra"]
[Source "ChessBase"]
[SourceDate "2020.09.30"]
[SourceVersion "1"]
[SourceVersionDate "2020.09.30"]
[SourceQuality "1"]

1. d4 Nf6 2. Nf3 c5 3. d5 e6 4. c4 exd5 5. cxd5 d6 6. Nc3 g6 7. g3 Bg7 8. Bg2 0-0 9. 0-0 a6 10. a4 Re8 11. Nd2 Nbd7 12. Nc4 Ne5 13. Nxe5 Rxe5 14. Bf4 Re8 15. Qd2 Nh5 16. Bg5 f6 17. Bh6 Rb8 18. Bxg7 Nxg7 19. a5 b5 20. axb6 Qxb6 21. Rfb1 Bf5 22. e4 Bd7 23. Nd1 f5 24. Ne3 fxe4 25. Nc4 Qc7 26. Qf4 Nf5 27. Bxe4 Rb4 28. b3 Nd4 29. Bd3 Bf5 30. Qxd6 Qxd6 31. Nxd6 Bxd3 32. Nxe8 Bxb1 33. Rxb1 c4 34. Nc7 c3 35. Nxa6 Rb6 36. Nc5 c2 37. Ra1 c1Q+ 0-1

[Event "SVK-chT2A 1920"]
[Site "Slovakia"]
[Date "2019.12.15"]
[Round "6.2"]
[White "Balogh, Peter"]
[Black "Banas, Jan"]
[Result "1/2-1/2"]
[WhiteElo "2260"]
[BlackElo "2238"]
[PlyCount "79"]
[EventDate "2019.10.26"]
[EventType "team-tourn"]
[EventRounds "11"]
[EventCountry "SVK"]
[SourceTitle "CBM 194 Extra"]
[Source "ChessBase"]
[SourceDate "2020.03.31"]
[SourceVersion "1"]
[SourceVersionDate "2020.03.31"]
[SourceQuality "1"]
[WhiteTeam "Senec"]
[BlackTeam "Cifer"]
[WhiteTeamCountry "SVK"]
[BlackTeamCountry "SVK"]

1. d4 Nf6 2. c4 g6 3. g3 Bg7 4. Bg2 d5 5. cxd5 Nxd5 6. Nf3 0-0 7. 0-0 Nb6 8. Nc3 Nc6 9. Bf4 Be6 10. Qc1 Nxd4 11. Nxd4 Qxd4 12. Rd1 Qc4 13. Bxb7 Rab8 14. Bf3 Na4 15. Nxa4 Qxa4 16. b3 Qa6 17. Bh6 Bxh6 18. Qxh6 Rfd8 19. Rdc1 Qa5 20. Qe3 Rd7 21. Kg2 Bd5 22. Qc5 Bxf3+ 23. exf3 Rb5 24. Qc3 e6 25. a4 Qxc3 26. Rxc3 Rb4 27. Rac1 c5 28. Rxc5 Rxb3 29. Rc7 Rb7 30. Rxd7 Rxd7 31. Rc4 Rd5 32. f4 h5 33. h4 Kg7 34. Kf3 Rd3+ 35. Ke4 Ra3 36. Rb4 Kf6 37. Rc4 Ra2 38. Ke3 Ra3+ 39. Ke4 Ra2 40. Ke3 1/2-1/2

[Event "SVK-chT2A 1819"]
[Site "Slovakia"]
[Date "2019.03.03"]
[Round "9.2"]
[White "Matejovic, Juraj"]
[Black "Balogh, Peter"]
[Result "1/2-1/2"]
[WhiteElo "2235"]
[BlackElo "2266"]
[PlyCount "31"]
[EventDate "2018.10.13"]
[EventType "team-tourn"]
[EventRounds "11"]
[EventCountry "SVK"]
[SourceTitle "EXT 2020"]
[Source "ChessBase"]
[SourceDate "2019.10.17"]
[SourceVersion "1"]
[SourceVersionDate "2019.10.17"]
[SourceQuality "1"]
[WhiteTeam "Gbely Nafta"]
[BlackTeam "Senec"]
[WhiteTeamCountry "SVK"]
[BlackTeamCountry "SVK"]

1. e4 e6 2. d4 d5 3. Nd2 c5 4. exd5 Qxd5 5. dxc5 Bxc5 6. Ngf3 Nf6 7. Bd3 Nbd7 8. Qe2 b6 9. 0-0 Bb7 10. Re1 0-0 11. Ne4 Nxe4 12. Bxe4 Qxe4 13. Qxe4 Bxe4 14. Rxe4 Nf6 15. Re2 Rfd8 16. Bg5 1/2-1/2

[Event "SVK-ch rapid"]
[Site "Velky Cetin"]
[Date "2018.04.28"]
[Round "6"]
[White "Balogh, Peter"]
[Black "Nayhebaver, Martin"]
[Result "0-1"]
[WhiteElo "2270"]
[BlackElo "2363"]
[PlyCount "64"]
[EventDate "2018.04.28"]
[EventType "swiss (rapid)"]
[EventRounds "9"]
[EventCountry "SVK"]
[SourceTitle "CBM 184 Extra"]
[Source "ChessBase"]
[SourceDate "2018.06.28"]
[SourceVersion "1"]
[SourceVersionDate "2018.06.28"]
[SourceQuality "1"]

1. d4 Nf6 2. c4 e6 3. Nf3 b6 4. g3 Ba6 5. Qa4 Bb7 6. Bg2 c5 7. dxc5 bxc5 8. Nc3 Be7 9. 0-0 0-0 10. Rd1 Qb6 11. Qc2 Rd8 12. e4 d6 13. h3 Nc6 14. Be3 Nb4 15. Qb1 a5 16. a3 Nc6 17. Qc2 Ba6 18. b3 Rab8 19. Rab1 h6 20. Kh2 Qc7 21. Rd2 Nd7 22. Bf4 Nde5 23. Nxe5 dxe5 24. Be3 Nd4 25. Bxd4 cxd4 26. Na4 Bxa3 27. Ra1 Bb4 28. Rd3 Bb7 29. Ra2 f5 30. Qe2 Rf8 31. Rc2 fxe4 32. Bxe4 Rxf2+ 0-1

[Event "SVK-chT2A 1718"]
[Site "Slovakia"]
[Date "2018.03.18"]
[Round "11.2"]
[White "Kovacocy, Pavol"]
[Black "Balogh, Peter"]
[Result "1/2-1/2"]
[WhiteElo "2255"]
[BlackElo "2272"]
[PlyCount "51"]
[EventDate "2017.10.28"]
[EventType "team-tourn"]
[EventRounds "11"]
[EventCountry "SVK"]
[SourceTitle "EXT 2020"]
[Source "ChessBase"]
[SourceDate "2019.10.17"]
[SourceVersion "1"]
[SourceVersionDate "2019.10.17"]
[SourceQuality "1"]
[WhiteTeam "Trnava Lokomotiva II"]
[BlackTeam "Senec"]
[WhiteTeamCountry "SVK"]
[BlackTeamCountry "SVK"]

1. e4 e6 2. d4 d5 3. Nc3 Nf6 4. Bg5 dxe4 5. Nxe4 Be7 6. Nxf6+ Bxf6 7. Bxf6 Qxf6 8. Nf3 0-0 9. Bd3 c5 10. c3 cxd4 11. Nxd4 e5 12. Ne2 Nd7 13. Ng3 Nc5 14. Ne4 Nxd3+ 15. Qxd3 Qc6 16. 0-0 f5 17. Nd6 Be6 18. Rfd1 Rad8 19. c4 Rf6 20. b4 Rg6 21. g3 f4 22. c5 e4 23. Qd4 e3 24. Qxf4 exf2+ 25. Qxf2 Rf8 26. Qg2 1/2-1/2

[Event "SVK-chT2A 1718"]
[Site "Slovakia"]
[Date "2018.03.17"]
[Round "10.2"]
[White "Balogh, Peter"]
[Black "Abel, Peter"]
[Result "1/2-1/2"]
[WhiteElo "2272"]
[BlackElo "2214"]
[PlyCount "61"]
[EventDate "2017.10.28"]
[EventType "team-tourn"]
[EventRounds "11"]
[EventCountry "SVK"]
[SourceTitle "EXT 2020"]
[Source "ChessBase"]
[SourceDate "2019.10.17"]
[SourceVersion "1"]
[SourceVersionDate "2019.10.17"]
[SourceQuality "1"]
[WhiteTeam "Senec"]
[BlackTeam "Piestany Loewe"]
[WhiteTeamCountry "SVK"]
[BlackTeamCountry "SVK"]

1. d4 Nf6 2. c4 c5 3. d5 e5 4. Nc3 d6 5. e4 Be7 6. Bd3 0-0 7. Nge2 Nh5 8. 0-0 Bg5 9. a3 g6 10. Kh1 Nd7 11. Nb5 Bxc1 12. Qxc1 Qe7 13. b4 b6 14. Rb1 Ndf6 15. f3 Kh8 16. Rg1 Ba6 17. bxc5 bxc5 18. Qd2 Rfb8 19. Qa5 Rb6 20. Rb3 Bc8 21. Rbb1 Ne8 22. Qd2 Rab8 23. Nbc3 Rxb1 24. Rxb1 Rxb1+ 25. Bxb1 Qb7 26. Bd3 Bd7 27. Qc2 Kg8 28. Qb1 Qb6 29. Qxb6 axb6 30. Bc2 Nc7 31. Bd3 1/2-1/2

[Event "SVK-chT2A 1718"]
[Site "Slovakia"]
[Date "2018.02.04"]
[Round "7.3"]
[White "Dugovic, Branislav"]
[Black "Balogh, Peter"]
[Result "0-1"]
[WhiteElo "2186"]
[BlackElo "2273"]
[PlyCount "68"]
[EventDate "2017.10.28"]
[EventType "team-tourn"]
[EventRounds "11"]
[EventCountry "SVK"]
[SourceTitle "EXT 2019"]
[Source "ChessBase"]
[SourceDate "2018.10.10"]
[SourceVersion "1"]
[SourceVersionDate "2018.10.10"]
[SourceQuality "1"]
[WhiteTeam "Modra II"]
[BlackTeam "Senec"]
[WhiteTeamCountry "SVK"]
[BlackTeamCountry "SVK"]

1. Nf3 Nf6 2. b3 g6 3. Bb2 Bg7 4. g3 0-0 5. Bg2 d6 6. d4 Nbd7 7. c4 e5 8. dxe5 Ng4 9. h3 Ngxe5 10. Nxe5 dxe5 11. 0-0 c6 12. Nc3 f5 13. Qd2 Nf6 14. Rad1 Qe7 15. Qd6 Qf7 16. Ba3 Re8 17. Qd2 e4 18. f4 Be6 19. e3 b6 20. Qc2 a6 21. Bd6 b5 22. c5 a5 23. Rfe1 a4 24. b4 Nd5 25. Nxd5 Bxd5 26. Rd2 a3 27. Red1 Be6 28. Be5 Bxe5 29. fxe5 Ra4 30. Qc3 Re7 31. Bf1 Kg7 32. Rd8 Kh6 33. R8d2 Bxa2 34. Ra1 Qb3 0-1

[Event "SVK-chT2A 1718"]
[Site "Slovakia"]
[Date "2017.11.26"]
[Round "4.2"]
[White "Balogh, Peter"]
[Black "Sahidi, Samir"]
[Result "1/2-1/2"]
[WhiteElo "2273"]
[BlackElo "2259"]
[PlyCount "133"]
[EventDate "2017.10.28"]
[EventType "team-tourn"]
[EventRounds "11"]
[EventCountry "SVK"]
[SourceTitle "EXT 2019"]
[Source "ChessBase"]
[SourceDate "2018.10.10"]
[SourceVersion "1"]
[SourceVersionDate "2018.10.10"]
[SourceQuality "1"]
[WhiteTeam "Senec"]
[BlackTeam "Bratislava Doprastav"]
[WhiteTeamCountry "SVK"]
[BlackTeamCountry "SVK"]

1. d4 Nf6 2. c4 g6 3. Nc3 Bg7 4. e4 d6 5. f3 e5 6. d5 0-0 7. Be3 Nh5 8. Qd2 f5 9. 0-0-0 fxe4 10. fxe4 Nd7 11. Nh3 Ndf6 12. Nf2 a6 13. Kb1 Qe8 14. g3 Ng4 15. Nxg4 Bxg4 16. Be2 Qd7 17. Bxg4 Qxg4 18. Qe2 Qxe2 19. Nxe2 Rf3 20. Bg5 h6 21. Bc1 Nf6 22. Nc3 Ng4 23. Rd2 Raf8 24. Nd1 Kh7 25. Re2 Rf1 26. Rxf1 Rxf1 27. h3 Nf6 28. Kc2 Rf3 29. Re3 Rxe3 30. Bxe3 Nxe4 31. g4 Bf8 32. Kd3 Nf6 33. Nc3 Kg7 34. Ne4 Nd7 35. h4 Be7 36. g5 hxg5 37. hxg5 Kf7 38. b4 Bd8 39. a4 Ke7 40. b5 axb5 41. axb5 c6 42. bxc6 bxc6 43. Bd2 cxd5 44. cxd5 Bb6 45. Bb4 Bc5 46. Ba5 Ba3 47. Bc7 Nc5+ 48. Nxc5 Bxc5 49. Ba5 Kd7 50. Ke4 Ba3 51. Bd2 Kc7 52. Be3 Kb7 53. Kd3 Ka6 54. Kc4 Ka5 55. Bd2+ Ka4 56. Be3 Bb4 57. Bb6 Ba5 58. Be3 Bd8 59. Bd2 Bc7 60. Bb4 e4 61. Bd2 Bb6 62. Bb4 Be3 63. Bxd6 Bxg5 64. Bc5 Bf6 65. Bd4 Be7 66. Be3 Ka5 67. Kd4 1/2-1/2

[Event "SVK-chT1W 1718"]
[Site "Slovakia"]
[Date "2017.10.21"]
[Round "1.4"]
[White "Oprea, Erik"]
[Black "Balogh, Peter"]
[Result "1-0"]
[WhiteElo "2125"]
[BlackElo "2067"]
[PlyCount "63"]
[EventDate "2017.10.21"]
[EventType "team-tourn"]
[EventRounds "11"]
[EventCountry "SVK"]
[SourceTitle "CBM 181 Extra"]
[Source "ChessBase"]
[SourceDate "2017.12.12"]
[SourceVersion "1"]
[SourceVersionDate "2017.12.12"]
[SourceQuality "1"]
[WhiteTeam "Devinska Nova Ves"]
[BlackTeam "Gabcikovo Russel"]
[WhiteTeamCountry "SVK"]
[BlackTeamCountry "SVK"]

1. c4 e5 2. Nc3 f5 3. g3 Nf6 4. Bg2 c6 5. d4 e4 6. Bg5 h6 7. Bxf6 Qxf6 8. e3 Bb4 9. Nge2 0-0 10. 0-0 d6 11. f3 exf3 12. Rxf3 Qe7 13. Qb3 Ba5 14. Nf4 Kh7 15. Re1 g5 16. Nd3 Qg7 17. Qc2 Nd7 18. b4 Bc7 19. b5 Nf6 20. bxc6 bxc6 21. Ref1 Bd7 22. Nb4 Ba5 23. Rxf5 Bxb4 24. Rxg5+ Kh8 25. Rxg7 Kxg7 26. Rb1 a5 27. Ne2 Ng4 28. Nf4 Bf5 29. e4 Bd7 30. Qd3 d5 31. exd5 Bf5 32. Be4 1-0

[Event "SVK-ch Amateurs"]
[Site "Topolcany"]
[Date "2017.07.23"]
[Round "7"]
[White "Giertli, Vladimir"]
[Black "Balogh, Peter"]
[Result "0-1"]
[WhiteElo "2051"]
[BlackElo "2153"]
[PlyCount "72"]
[EventDate "2017.07.20"]
[EventType "swiss"]
[EventRounds "7"]
[EventCountry "SVK"]
[SourceTitle "CBM 179 Extra"]
[Source "ChessBase"]
[SourceDate "2017.08.23"]
[SourceVersion "1"]
[SourceVersionDate "2017.08.23"]
[SourceQuality "1"]

1. Nf3 Nc6 2. d4 d5 3. g3 Bg4 4. Nbd2 f6 5. h3 Bh5 6. c3 Qd7 7. b4 a5 8. b5 Nd8 9. a4 e6 10. Bg2 Ne7 11. Ba3 Nf7 12. Qb3 Nd6 13. c4 dxc4 14. Nxc4 Nd5 15. 0-0 Nxc4 16. Qxc4 Bxa3 17. Rxa3 Qe7 18. Qc1 0-0 19. e4 Nb6 20. Qc3 Rfd8 21. Rfa1 Qd6 22. g4 Bg6 23. e5 Qe7 24. exf6 gxf6 25. Nh4 Nd5 26. Nxg6 hxg6 27. Qd2 Kg7 28. Bxd5 Rxd5 29. Rc3 Rad8 30. Rac1 R8d7 31. Rc4 e5 32. Qxa5 exd4 33. Rxc7 d3 34. Rxd7 Rxd7 35. Qc3 Qe2 36. Qa5 d2 0-1

[Event "Banska Stiavnica V4 op"]
[Site "Banska Stiavnica"]
[Date "2017.07.16"]
[Round "9"]
[White "Balogh, Peter"]
[Black "Ferkova, Dominika"]
[Result "1-0"]
[WhiteElo "2153"]
[BlackElo "1999"]
[PlyCount "31"]
[EventDate "2017.07.08"]
[EventType "swiss"]
[EventRounds "9"]
[EventCountry "SVK"]
[SourceTitle "CBM 179 Extra"]
[Source "ChessBase"]
[SourceDate "2017.08.23"]
[SourceVersion "1"]
[SourceVersionDate "2017.08.23"]
[SourceQuality "1"]

1. c4 e5 2. Nc3 Nf6 3. Nf3 Nc6 4. d4 exd4 5. Nxd4 Nxd4 6. Qxd4 Be7 7. e4 d6 8. f3 0-0 9. Be3 Be6 10. 0-0-0 c6 11. g4 Nd7 12. h4 Bxh4 13. Qxd6 Bg5 14. Bxg5 Qxg5+ 15. f4 Qxg4 16. f5 1-0

[Event "Banska Stiavnica V4 op"]
[Site "Banska Stiavnica"]
[Date "2017.07.14"]
[Round "7"]
[White "Balogh, Peter"]
[Black "Kostolansky, Sebastian Lukas"]
[Result "1/2-1/2"]
[WhiteElo "2153"]
[BlackElo "2270"]
[PlyCount "62"]
[EventDate "2017.07.08"]
[EventType "swiss"]
[EventRounds "9"]
[EventCountry "SVK"]
[SourceTitle "CBM 179 Extra"]
[Source "ChessBase"]
[SourceDate "2017.08.23"]
[SourceVersion "1"]
[SourceVersionDate "2017.08.23"]
[SourceQuality "1"]

1. e4 e6 2. d4 d5 3. Nd2 c5 4. exd5 exd5 5. Ngf3 Nc6 6. dxc5 Bxc5 7. Nb3 Bb6 8. Bb5 Nge7 9. 0-0 0-0 10. c3 Bg4 11. h3 Bh5 12. Bd3 h6 13. Bf4 Bc7 14. Bg3 Bxg3 15. fxg3 Qd6 16. g4 Bg6 17. Nh4 Ne5 18. Nxg6 fxg6 19. Qe2 N7c6 20. Rad1 Rxf1+ 21. Qxf1 Rf8 22. Qe2 Nd8 23. c4 Ne6 24. Be4 Qb6+ 25. c5 Nxc5 26. Bxd5+ Kh7 27. Qxe5 Nxb3+ 28. Kh2 Nc5 29. b3 Rd8 30. Qd4 Qd6+ 31. Kh1 Kh8 1/2-1/2

[Event "Banska Stiavnica V4 op"]
[Site "Banska Stiavnica"]
[Date "2017.07.13"]
[Round "6"]
[White "Marsina, Stefan"]
[Black "Balogh, Peter"]
[Result "0-1"]
[WhiteElo "1992"]
[BlackElo "2153"]
[PlyCount "42"]
[EventDate "2017.07.08"]
[EventType "swiss"]
[EventRounds "9"]
[EventCountry "SVK"]
[SourceTitle "CBM 179 Extra"]
[Source "ChessBase"]
[SourceDate "2017.08.23"]
[SourceVersion "1"]
[SourceVersionDate "2017.08.23"]
[SourceQuality "1"]

1. c4 e5 2. Nc3 f5 3. Nf3 Nc6 4. d4 e4 5. Nd2 Nf6 6. e3 Be7 7. Be2 0-0 8. 0-0 Bb4 9. Qb3 Bxc3 10. bxc3 d6 11. Ba3 Kh8 12. c5 d5 13. c4 Be6 14. Qxb7 Qd7 15. Qb3 Qf7 16. Qc2 f4 17. cxd5 Bxd5 18. Bc4 f3 19. Bxd5 Qxd5 20. gxf3 exf3 21. Kh1 Ng4 0-1

[Event "SVK-chT1W 1617"]
[Site "Slovakia"]
[Date "2017.03.19"]
[Round "11.5"]
[White "Privara, Igor"]
[Black "Balogh, Peter"]
[Result "0-1"]
[WhiteElo "2154"]
[BlackElo "2150"]
[PlyCount "50"]
[EventDate "2016.10.15"]
[EventType "team-tourn"]
[EventRounds "11"]
[EventCountry "SVK"]
[SourceTitle "EXT 2019"]
[Source "ChessBase"]
[SourceDate "2018.10.10"]
[SourceVersion "1"]
[SourceVersionDate "2018.10.10"]
[SourceQuality "1"]
[WhiteTeam "Bratislava Slovan III"]
[BlackTeam "Gabcikovo Russel"]
[WhiteTeamCountry "SVK"]
[BlackTeamCountry "SVK"]

1. e4 Nc6 2. Nf3 e5 3. Nc3 Nf6 4. g3 d5 5. exd5 Nxd5 6. Bg2 Bg4 7. 0-0 Qd7 8. Nxd5 Qxd5 9. Nxe5 Nxe5 10. Bxd5 Bxd1 11. Rxd1 0-0-0 12. Bg2 Bc5 13. d3 h5 14. Be3 Bxe3 15. fxe3 h4 16. gxh4 Rxh4 17. Re1 Rdh8 18. h3 g5 19. d4 Nc4 20. b3 Nd6 21. e4 g4 22. hxg4 Rxg4 23. Rad1 Rhg8 24. Re2 Nxe4 25. Kh2 Nc3 0-1

[Event "SVK-chT2B 1617"]
[Site "Slovakia"]
[Date "2017.03.11"]
[Round "10.3"]
[White "Kurtulik, Andrej"]
[Black "Balogh, Peter"]
[Result "0-1"]
[WhiteElo "1875"]
[BlackElo "2131"]
[PlyCount "44"]
[EventDate "2016.10.08"]
[EventType "team-tourn"]
[EventRounds "11"]
[EventCountry "SVK"]
[SourceTitle "EXT 2018"]
[Source "ChessBase"]
[SourceDate "2017.10.13"]
[SourceVersion "1"]
[SourceVersionDate "2017.10.13"]
[SourceQuality "1"]
[WhiteTeam "Prievidza II"]
[BlackTeam "Komarno"]
[WhiteTeamCountry "SVK"]
[BlackTeamCountry "SVK"]

1. e4 c5 2. d4 e6 3. Nf3 cxd4 4. Nxd4 Nf6 5. Nc3 Nc6 6. Be2 Bb4 7. f3 Qc7 8. Be3 d5 9. Ndb5 Qe7 10. 0-0 a6 11. a3 axb5 12. axb4 Rxa1 13. Qxa1 d4 14. Bxd4 Nxd4 15. Bxb5+ Nxb5 16. Nxb5 0-0 17. c3 e5 18. Rd1 h6 19. Qa5 Be6 20. Nd6 Rd8 21. Qxe5 Ne8 22. f4 Rxd6 0-1

[Event "SVK-chT1W 1617"]
[Site "Slovakia"]
[Date "2017.02.26"]
[Round "9.6"]
[White "Capak, Stefan"]
[Black "Balogh, Peter"]
[Result "1/2-1/2"]
[WhiteElo "1978"]
[BlackElo "2150"]
[PlyCount "63"]
[EventDate "2016.10.15"]
[EventType "team-tourn"]
[EventRounds "11"]
[EventCountry "SVK"]
[SourceTitle "EXT 2018"]
[Source "ChessBase"]
[SourceDate "2017.10.13"]
[SourceVersion "1"]
[SourceVersionDate "2017.10.13"]
[SourceQuality "1"]
[WhiteTeam "Povazska Bystrica"]
[BlackTeam "Gabcikovo Russel"]
[WhiteTeamCountry "SVK"]
[BlackTeamCountry "SVK"]

1. d4 c5 2. d5 e6 3. c4 Nf6 4. Nc3 exd5 5. cxd5 d6 6. e4 g6 7. Nf3 Bg7 8. Be2 0-0 9. 0-0 Re8 10. Qc2 a6 11. a4 Bg4 12. Re1 Bxf3 13. Bxf3 Nbd7 14. Bd2 Rb8 15. Be2 h5 16. f4 Ng4 17. Bxg4 hxg4 18. a5 Qh4 19. g3 Qh5 20. Na4 f5 21. Bc3 Nf6 22. exf5 gxf5 23. Nb6 Ne4 24. Bxg7 Kxg7 25. b4 cxb4 26. Qb2+ Kf7 27. Qxb4 Nxg3 28. Qxd6 Ne2+ 29. Rxe2 Rxe2 30. Qc7+ Kg6 31. Qd6+ Kf7 32. Qc7+ 1/2-1/2